| 000 -LEADER |
| fixed length control field |
00973nam a2200241Ia 4500 |
| 001 - CONTROL NUMBER |
| control field |
10355 |
| 003 - CONTROL NUMBER IDENTIFIER |
| control field |
GE_BSU |
| 008 - FIXED-LENGTH DATA ELEMENTS--GENERAL INFORMATION |
| fixed length control field |
181216s||||||||xx |||||||||||||| ||und|| |
| 020 ## - INTERNATIONAL STANDARD BOOK NUMBER |
| International Standard Book Number |
9789941108334. |
| 040 ## - CATALOGING SOURCE |
| Transcribing agency |
GE_BSU |
| 080 ## - UNIVERSAL DECIMAL CLASSIFICATION NUMBER |
| Universal Decimal Classification number |
911.52(479.22) |
| 100 ## - MAIN ENTRY--PERSONAL NAME |
| Personal name |
დავითაია,ეთერ; სეფერთელაძე,ზურაბ |
| 245 ## - TITLE STATEMENT |
| Title |
ლანდშაფტმცოდნეობა და ლანდშაფტურ -ეკოლოგიური პრობლემები. |
| 245 ## - TITLE STATEMENT |
| Statement of responsibility, etc. |
რედ:დალი ნიკოლაიშვილი |
| 260 ## - PUBLICATION, DISTRIBUTION, ETC. |
| Place of publication, distribution, etc. |
თბილისი. |
| 260 ## - PUBLICATION, DISTRIBUTION, ETC. |
| Name of publisher, distributor, etc. |
მერიდიანი. |
| 260 ## - PUBLICATION, DISTRIBUTION, ETC. |
| Date of publication, distribution, etc. |
2014 |
| 300 ## - PHYSICAL DESCRIPTION |
| Extent |
321გვ;24სმ. |
| 300 ## - PHYSICAL DESCRIPTION |
| Other physical details |
ცხრ;რუკა |
| 653 ## - INDEX TERM--UNCONTROLLED |
| Uncontrolled term |
ლანდშაფტმცოდნეობა და ლანდშაფტურ -ეკოლოგიური პრობლემები. |
| 942 ## - ADDED ENTRY ELEMENTS (KOHA) |
| Koha item type |
წიგნი |